000 00765nam a2200217 4500
010 _a710000
020 _c40.00
035 _a710000
037 _bCen Lib / Ret
040 _aDPL
_bEN
082 _a309.15416
_bNAT
110 _bNational Council of Applied Economic Research.
245 _aTechno-economic survey of Delhi /
_cby National Council of Applied Economic Research.
260 _aNew Delhi
_bNational Council of Applied Economic Research.
_c1973
270 _a13/7, Ariff Road
_bCalcutta
300 _axi, 299p
_c27cm(Hb)
650 _aDelhi (India : Union Territory) -- Economic conditions.
650 _aUrbanization -- India -- Delhi (Union Territory)
650 _aEconomic history.
942 _2ddc
_cEN
_h309.15416
_mNAT
999 _c136919
_d136919